Les défis du développement insulaire : (Registro nro. 14293)

Detalles MARC
000 -LEADER
fixed length control field 01493nam a2200337 a 4500
001 - CONTROL NUMBER
control field
003 - CONTROL NUMBER IDENTIFIER
control field DO-SdBNP
005 - DATE AND TIME OF LATEST TRANSACTION
control field 20230131085911.0
008 - FIXED-LENGTH DATA ELEMENTS--GENERAL INFORMATION
fixed length control field 110413s2008 dr ad 001 0 spa d
020 ## - INTERNATIONAL STANDARD BOOK NUMBER
International Standard Book Number 9789945163483
040 ## - CATALOGING SOURCE
Original cataloging agency DO-SdBNP
Language of cataloging spa
Transcribing agency BPMSU
082 #4 - DEWEY DECIMAL CLASSIFICATION NUMBER
Classification number 327.729307294
Item number D313Le 2008
Edition number 22
245 00 - TITLE STATEMENT
Title Les défis du développement insulaire :
Remainder of title développement durable, migrations et droits humains dans les relations dominico-haîtiennes au XXIe siècle /
Statement of responsibility, etc. editores Wilfredo Lozano, Bridget Wooding ; traductor Paul Bertoni.
260 ## - PUBLICATION, DISTRIBUTION, ETC. (IMPRINT)
Place of publication, distribution, etc. Santo Domingo :
Name of publisher, distributor, etc. FLACSO :
-- Centro de Investigaciones y Estudios Sociales,
Date of publication, distribution, etc. 2008.
300 ## - PHYSICAL DESCRIPTION
Extent 390 p. :
Other physical details il., gráfcs. ;
Dimensions 23 cm.
500 ## - GENERAL NOTE
General note Incluye referencias bibliográficas y notas al final de las páginas
504 ## - BIBLIOGRAPHY, ETC. NOTE
Bibliography, etc Bibliografía : p. 365-385.
590 ## - LOCAL NOTE (RLIN)
Local note Inventariado, 2022/VM
650 #4 - SUBJECT ADDED ENTRY--TOPICAL TERM
Topical term or geographic name as entry element Desarrollo sostenible
Geographic subdivision República Dominicana
650 #4 - SUBJECT ADDED ENTRY--TOPICAL TERM
Topical term or geographic name as entry element Desarrollo sostenible
Geographic subdivision Haití
651 #4 - SUBJECT ADDED ENTRY--GEOGRAPHIC NAME
Geographic name República Dominicana
General subdivision Relaciones Exteriores
Geographic subdivision Haití
651 #4 - SUBJECT ADDED ENTRY--GEOGRAPHIC NAME
Geographic name Haití
General subdivision Relaciones Exteriores
Geographic subdivision República Dominicana
651 #4 - SUBJECT ADDED ENTRY--GEOGRAPHIC NAME
Geographic name República Dominicana
General subdivision Emigración E Inmigración
-- Aspectos Económicos
651 #4 - SUBJECT ADDED ENTRY--GEOGRAPHIC NAME
Geographic name República Dominicana
General subdivision Tratados Comerciales
651 #4 - SUBJECT ADDED ENTRY--GEOGRAPHIC NAME
Geographic name República Dominicana
General subdivision Emigración E Inmigración
-- Aspectos Sociales
700 12 - ADDED ENTRY--PERSONAL NAME
Personal name Lozano, Wilfredo
Dates associated with a name 1950-
Relator term ed.
700 12 - ADDED ENTRY--PERSONAL NAME
Personal name Wooding, Bridget,
Relator term ed.
700 12 - ADDED ENTRY--PERSONAL NAME
Personal name Bertoni, Paul,
Relator term tr.
910 ## - USER-OPTION DATA (OCLC)
User-option data VMateo V./Validado.
942 ## - ADDED ENTRY ELEMENTS (KOHA)
Source of classification or shelving scheme Dewey Decimal Classification
Koha item type Libros
Existencias
Withdrawn status Lost status Source of classification or shelving scheme Damaged status Not for loan Collection code Home library Current library Date acquired Full call number Barcode Date last seen Price effective from Koha item type
    Dewey Decimal Classification     Colección Dominicana Biblioteca Pública Metropolitana Salomé Ureña Biblioteca Pública Metropolitana Salomé Ureña 10/05/2022 BPMSU CD 327.729307294 D313Le 2008 BPMSU22100011 10/05/2022 10/05/2022 Libros